[Event "Christmas Open"]
[Site "Zadar CRO"]
[Date "2003.12.16"]
[Round "2"]
[White "Zufic,M"]
[Black "Geller,J"]
[Result "0-1"]
[WhiteElo "2366"]
[BlackElo "2486"]

1.e4 c5 2.Nf3 e6 3.d4 cxd4 4.Nxd4 Nc6 5.Nc3 Qc7 6.Be3 a6 7.Qd2 Nf6 8.f3 Ne5
9.O-O-O Bb4 10.Nb3 b5 11.Bd4 Be7 12.Qf2 d6 13.Kb1 O-O 14.g4 Nfd7 15.a3 Rb8
16.Rg1 Nc4 17.g5 a5 18.Qh4 b4 19.axb4 axb4 20.Bf6 Nde5 21.g6 fxg6 22.Bxe7 Nxf3
23.Qg3 Qxe7 24.Bxc4 bxc3 25.Rgf1 Rxb3 26.cxb3 Nd2+ 27.Rxd2 Rxf1+ 28.Bxf1 cxd2
29.Kc2 Qf6 30.Bc4 Qd4 31.Qd3 Qxd3+ 32.Bxd3 Kf7 33.Kxd2 Kf6 34.Ke3 Ke5 35.b4 g5
36.Bc2 Bb7 37.b5 h5 38.b6 g4 39.Bd3 g5 40.b4 h4 41.Be2 g3 42.hxg3 h3 43.Bf3 h2
44.b5 g4 45.Bh1 d5 46.exd5 Kd6  0-1

[Event "Christmas Open"]
[Site "Zadar CRO"]
[Date "2003.12.16"]
[Round "3"]
[White "Zelcic,R"]
[Black "Kragelj,I"]
[Result "1-0"]
[WhiteElo "2552"]
[BlackElo "2240"]

1.e4 c5 2.Nf3 Nc6 3.d4 cxd4 4.Nxd4 e6 5.Nc3 Qc7 6.Be2 a6 7.O-O Nf6 8.Kh1 Be7
9.f4 d6 10.Be3 O-O 11.a4 Re8 12.Bg1 Nxd4 13.Qxd4 e5 14.Qd3 exf4 15.Rxf4 d5
16.Raf1 dxe4 17.Nxe4 Nxe4 18.Qxe4 Be6 19.Bd3 g6 20.Bd4 Bg5 21.R4f2 Bf5 22.Qf3 Bxd3
23.cxd3 Rad8 24.Bc3 Rd7 25.Re2 Rxe2 26.Qxe2 Be7 27.Qf3 Bd8 28.Qh3 Qd6 29.Qe3 Be7
30.d4 Qd5 31.Rf4 Kg7 32.Re4 Bf6 33.Bd2 Bg5 34.Qxg5 Qxe4 35.h3 f6 36.Qh6+ Kg8
37.Bc3 Rd5 38.Bb4 Rd8 39.Bc3 Rd5 40.Bb4 Rd8 41.Bc3 b6 42.Qc1 Kg7 43.Qf1 a5
44.Qc4 Rd7 45.Qc8 Qb7 46.Qe8 Re7 47.Qb5 Rd7 48.Qc4 Qd5 49.Qe2 Kf7 50.Qf2 Kg7
51.Qe2 Kf7 52.Qf2 Kg7 53.Qc2 Re7 54.Qd2 Rd7 55.Qf4 Qe6 56.Bd2 Qd5 57.Bc3 Qe6
58.Qh4 Qd5 59.Qe1 Kf7 60.Qc1 Kg7 61.Qe3 Kf7 62.Qh6 Qh5 63.Qf4 Qd5 64.Qb8 Qd6
65.Qh8 Ke6 66.Qg8+ Rf7 67.Qc8+ Qd7 68.Qc4+ Qd5 69.Qa6 Rb7 70.Bxa5 Qxa5 71.Qxb7  1-0

[Event "ch-IND National A"]
[Site "Calicut IND"]
[Date "2003.12.17"]
[Round "20"]
[White "Venkatesh,M"]
[Black "Satyapragyan,S"]
[Result "1-0"]
[WhiteElo "2401"]
[BlackElo "2415"]

1.e4 c5 2.Nf3 e6 3.d4 cxd4 4.Nxd4 Nc6 5.Nc3 Qc7 6.Be2 a6 7.O-O Nf6 8.Be3 Be7
9.f4 d6 10.a4 O-O 11.Kh1 Bd7 12.Qe1 Nxd4 13.Bxd4 Bc6 14.Qg3 Qa5 15.Bd3 Nh5
16.Qh3 g6 17.Ne2 Qd8 18.a5 Bf6 19.Bb6 Qc8 20.Rab1 Bg7 21.f5 Nf6 22.Qh4 h6
23.fxg6 fxg6 24.Qg3 g5 25.Qxd6 Nxe4 26.Qb4 Nf6 27.Bc5 Rf7 28.Ng3 Nd5 29.Qe4 Nf6
30.Qg6 Bxg2+ 31.Kxg2 Qxc5 32.Ne4 Qd5 33.c4 Qc6 34.Kg1 Nxe4 35.Rxf7 Qc5+ 36.Kg2  1-0

[Event "Christmas Open"]
[Site "Zadar CRO"]
[Date "2003.12.17"]
[Round "4"]
[White "Krstic,U"]
[Black "Geller,J"]
[Result "1/2-1/2"]
[WhiteElo "2388"]
[BlackElo "2486"]

1.e4 c5 2.Nf3 Nc6 3.d4 cxd4 4.Nxd4 e6 5.Nc3 Qc7 6.Be3 a6 7.Qd2 Nf6 8.f3 Ne5
9.O-O-O Bb4 10.Kb1 Bxc3 11.bxc3 d5 12.Nb3 O-O 13.Bf4 dxe4 14.Qd4 Nfd7 15.Qxe4 Qxc3
16.Bd3 Ng6 17.Qe3 Qf6 18.Bd6 Re8 19.f4 e5 20.Bxg6 Qxg6 21.Rhe1 e4 22.g4 Qxg4
23.Rg1 Qh5 24.Qd4 f6 25.Qc4+ Kh8 26.Nd4 Nf8 27.Qc7 Ng6 28.Qf7 Bg4 29.Rde1 e3
30.h3 Bf5 31.Rg5 Bxc2+ 32.Kxc2 fxg5 33.Nf5 Rac8+ 34.Kb2 Rg8 35.Be5 Nxe5 36.Qxh5 Nd3+
37.Kb3 Nxe1 38.Ne7 Rge8 39.Ng6+ Kg8 40.Ne5 gxf4 41.Qf7+ Kh8 42.Qxf4 Ng2 43.Qe4 Nf4
44.Qxf4 Rc5 45.Nf7+ Kg8 46.Nd6 Re7  1/2-1/2

[Event "Christmas Open"]
[Site "Zadar CRO"]
[Date "2003.12.17"]
[Round "4"]
[White "Zelcic,R"]
[Black "Kristovic,M"]
[Result "1-0"]
[WhiteElo "2552"]
[BlackElo "2349"]

1.e4 e6 2.d4 c5 3.Nf3 cxd4 4.Nxd4 Nc6 5.Nc3 d6 6.Be2 a6 7.O-O Nxd4 8.Qxd4 Ne7
9.Bg5 Qc7 10.Rad1 Nc6 11.Qe3 h6 12.Bf4 b5 13.Qg3 e5 14.Nd5 Qb7 15.Be3 Be6
16.f4 f6 17.c4 Ne7 18.Bh5+ Bf7 19.Bxf7+ Kxf7 20.fxe5 Nxd5 21.cxd5 dxe5 22.Qxe5 Qd7
23.Qg3 Kg8 24.Rxf6 Rc8 25.Rdf1 h5 26.Qg6 Qe8 27.Rxf8+  1-0

[Event "6th Masters"]
[Site "Belfort FRA"]
[Date "2003.12.18"]
[Round "4"]
[White "Fressinet,L"]
[Black "Bauer,Ch"]
[Result "1-0"]
[WhiteElo "2654"]
[BlackElo "2602"]

1.e4 c5 2.Nf3 e6 3.Nc3 Nc6 4.d4 cxd4 5.Nxd4 Qc7 6.Be2 a6 7.O-O Nf6 8.Be3 Bb4
9.Na4 O-O 10.c4 Bd6 11.g3 Nxe4 12.c5 Be7 13.Rc1 Rd8 14.Bf3 Nf6 15.Re1 Rb8
16.Bxc6 bxc6 17.Bf4 d6 18.cxd6 Bxd6 19.Rc3 c5 20.Rxc5 Bxf4 21.Rxc7 Bxc7 22.Qc1 Ba5
23.Nc6 Bxe1 24.Nxd8 Bd7 25.Nc6 Rb5 26.Nd4 Rd5 27.Nb6 Rxd4 28.Nxd7 Nxd7 29.Qxe1 Rd5
30.b4 Ne5 31.Qc3 h5 32.Qc8+ Kh7 33.Qxa6 g5 34.f4 Rd1+ 35.Kf2 gxf4 36.gxf4 Ng4+
37.Ke2 Rh1 38.b5 Rxh2+ 39.Kf3 Rf2+ 40.Kg3 Rb2 41.b6 Ne3 42.b7 Nf5+ 43.Kh3  1-0

[Event "XVI Carlos Torre Mem KO"]
[Site "Merida MEX"]
[Date "2003.12.18"]
[Round "2.1"]
[White "Quezada,Y"]
[Black "Nisipeanu,LD"]
[Result "1/2-1/2"]
[WhiteElo "2475"]
[BlackElo "2675"]

1.e4 c5 2.Nf3 e6 3.d4 cxd4 4.Nxd4 Nc6 5.Nc3 Qc7 6.Be3 Nf6 7.f3 Bb4 8.Nb5 Qb8
9.a3 Be7 10.Qd2 a6 11.Nd4 b5 12.Nxc6 dxc6 13.Be2 O-O 14.O-O e5 15.Kh1 Rd8
16.Qe1 Be6 17.Qf2 Rd7 18.Rfd1 Qf8 19.Qg3 Bd6 20.Rd2 Bc5 21.Rxd7 Nxd7 22.Qf2 a5
23.Bxc5 Qxc5 24.Qxc5 Nxc5 25.Kg1 Kf8 26.Kf2 Ke7 27.Ke3 f6 28.g3 Bf7 29.Bd3 Rb8
30.Ne2 a4 31.Nc3 Ne6 32.Ne2 c5 33.c3 Nc7 34.Bc2 Ne8 35.Nc1 Nd6 36.Nd3 Nc4+
37.Ke2 Kd6 38.Rd1 Kc6 39.Bb1 Na5 40.Ke3 Bb3 41.Rf1 Re8 42.Rg1 Nc4+ 43.Ke2 Nd6
44.Nf2 Bf7 45.Bd3 Rb8 46.Rc1 Kd7 47.f4 Re8 48.Kf3 Kc6 49.h3 h5 50.Rg1 g5
51.f5 Bb3 52.Ke3 Kb6 53.Rc1 Rh8 54.Be2 Bc4 55.Rd1 Kc6 56.Bd3 h4 57.g4 Rb8
58.Rc1 Bb3 59.Kf3 Rd8 60.Ke3 Kb6 61.Ke2 Nb7 62.Ke3 Na5 63.Ke2 Nc6 64.Bc2 Bxc2
65.Rxc2 b4 66.Nd1 Kb5 67.Ne3 Rd6 68.Rc1 b3  1/2-1/2

[Event "Salona GM"]
[Site "Solin-Split CRO"]
[Date "2003.12.18"]
[Round "6"]
[White "Brkic,A"]
[Black "Armanda,I"]
[Result "1-0"]
[WhiteElo "2428"]
[BlackElo "2365"]

1.e4 c5 2.Nf3 e6 3.d4 cxd4 4.Nxd4 Nc6 5.Nc3 Qc7 6.Be2 a6 7.Be3 Nf6 8.O-O Be7
9.f4 d6 10.a4 O-O 11.Kh1 Re8 12.a5 Bd7 13.Nb3 Nb4 14.Bf3 Bc6 15.Nd4 Bf8 16.Qe2 e5
17.Nxc6 Qxc6 18.f5 d5 19.exd5 Nbxd5 20.Nxd5 Nxd5 21.Be4 Bc5 22.Bg5 f6 23.Qf3 Rad8
24.Bh4 Qd6 25.Rad1 Bd4 26.Bxd5+ Qxd5 27.Qxd5+ Rxd5 28.c3 Rxa5 29.cxd4 Ra4
30.Bf2 e4 31.Be3 Rb4 32.Rd2 Rb3 33.Re2 Rd8 34.Rc1 Rd5 35.Rc5 Rd6  1-0

[Event "Christmas Open"]
[Site "Zadar CRO"]
[Date "2003.12.18"]
[Round "5"]
[White "Palac,M"]
[Black "Ljubicic,F"]
[Result "1-0"]
[WhiteElo "2534"]
[BlackElo "2398"]

1.e4 c5 2.Nf3 e6 3.d4 cxd4 4.Nxd4 Nc6 5.Nc3 Qc7 6.f4 a6 7.Be2 Bb4 8.Nxc6 bxc6
9.Qd4 Bf8 10.e5 d5 11.exd6 Qxd6 12.Qxd6 Bxd6 13.Ne4 Be7 14.Be3 Nf6 15.Nxf6+ Bxf6
16.O-O-O Rb8 17.c3 Bb7 18.Ba7 Ra8 19.Bb6 Be7 20.Bf3 Bd8 21.Bd4 Bc7 22.f5 O-O
23.fxe6 fxe6 24.Rhe1 Rae8 25.Be5 Bxe5 26.Rxe5 Rf5 27.Re2 Re7 28.Rde1 Kf7
29.Be4 Rf6 30.Bd3 Rd7 31.Bc4 Rd6 32.Re5 c5 33.Rxc5 Bxg2 34.Rc7+ Kg6  1-0

[Event "Christmas Open"]
[Site "Zadar CRO"]
[Date "2003.12.18"]
[Round "6"]
[White "Delchev,A"]
[Black "Geller,J"]
[Result "1/2-1/2"]
[WhiteElo "2603"]
[BlackElo "2486"]

1.e4 c5 2.Nf3 e6 3.d4 cxd4 4.Nxd4 Nc6 5.Nc3 Qc7 6.Be2 a6 7.O-O Nf6 8.Be3 Bb4
9.Na4 Be7 10.Nxc6 bxc6 11.Nb6 Rb8 12.Nxc8 Qxc8 13.Bd4 c5 14.Be5 Rb6 15.b3 O-O
16.Qd3 d6 17.Bb2 d5 18.e5 Nd7 19.f4 c4 20.Qh3 g6 21.Bc3 Rc6 22.bxc4 Nb6 23.Rf3 Re8
24.g4 Nxc4 25.Kh1 d4 26.Bxd4 Nd2 27.Rd3 Rxc2 28.Bd1 Rd8 29.Bxc2 Qxc2 30.Re1 Bb4
31.f5 Qc4 32.fxe6 fxe6 33.g5 Nf3 34.Rxf3 Bxe1 35.Bg1 Bb4 36.Rf6 Qd5+ 37.Qg2 Qxe5
38.Qc6 Bd6 39.Qc4 Re8 40.a4 Bc7 41.Qc6 Re7 42.Qa8+ Bb8 43.Qf3 Kg7 44.Rf8 Bc7
45.Ra8 Rf7 46.Qd3 Qxg5 47.Rxa6 Qd5+  1/2-1/2

[Event "ch-IND National A"]
[Site "Calicut IND"]
[Date "2003.12.19"]
[Round "22"]
[White "Barua,D"]
[Black "Sriram,J"]
[Result "1-0"]
[WhiteElo "2528"]
[BlackElo "2458"]

1.e4 c5 2.Nf3 e6 3.d4 cxd4 4.Nxd4 Nc6 5.Nc3 Qc7 6.Be2 a6 7.O-O Nf6 8.Be3 Bb4
9.Na4 Be7 10.Nxc6 bxc6 11.Nb6 Rb8 12.Nxc8 Qxc8 13.e5 Nd5 14.Bc1 Bc5 15.Qd3 Qc7
16.Qe4 a5 17.Bd3 Ne7 18.b3 a4 19.Bd2 Ng6 20.Bc3 a3 21.Rae1 Qb6 22.Re2 Qd8
23.g3 O-O 24.h4 d5 25.exd6 Qxd6 26.Kh2 Qd5 27.Qg4 h5 28.Qh3 Qf3 29.Qg2 Qxg2+
30.Kxg2 Ne7 31.Re5 Nd5 32.Ba1 Bb4 33.Rxh5 f6 34.c3 Be7 35.Re1 Kf7 36.f4 f5
37.Kf3 Bf6 38.g4 fxg4+ 39.Kxg4 Rbd8 40.f5 e5 41.Bc4 Ke7 42.Bxd5 Rxd5 43.c4 Rd2
44.Bc3 Rg2+ 45.Kf3 Rxa2 46.Bb4+ Kf7 47.Bxf8 Rb2 48.Bxa3  1-0

[Event "Christmas Open"]
[Site "Zadar CRO"]
[Date "2003.12.19"]
[Round "7"]
[White "Saric,Ib"]
[Black "Markus,R"]
[Result "1/2-1/2"]
[WhiteElo "2415"]
[BlackElo "2522"]

1.e4 c5 2.Nf3 e6 3.d4 cxd4 4.Nxd4 Nc6 5.Nc3 Qc7 6.Be2 a6 7.O-O Nf6 8.Be3 Be7
9.f4 d6 10.a4 O-O 11.Kh1 Re8 12.Bd3 Nb4 13.a5 Bd7 14.Nf3 Bc6 15.Bb6 Qb8 16.Qe1 Nd7
17.Bd4 Nxd3 18.cxd3 Bf8 19.Qg3 Qd8 20.Ng5 f6 21.Nf3 e5 22.Be3 Nc5 23.Nh4 Kh8
24.f5 Kg8 25.b4 Nb3 26.Rab1 Nd4 27.Bxd4 exd4 28.Nd5 Bxd5 29.exd5 Re5 30.Qf4 Qd7
31.Rfe1 Rae8 32.Nf3 Rxf5 33.Qg4 g6 34.h3 Qf7 35.Rxe8 Qxe8 36.Re1 Qf7 37.Rc1 h5
38.Qe4 Rxd5 39.Rc8 Rb5 40.Qxd4 Qe6 41.Qc3 Rf5 42.Qc4 Qxc4 43.dxc4 Rf4 44.b5 axb5
45.cxb5 Ra4 46.Rb8 d5 47.g3 Rxa5 48.Nd4 Ra1+ 49.Kg2 Re1 50.Rxb7 Bc5 51.Nc6 Re2+
52.Kf1 Rb2 53.Rd7 Rxb5 54.Rxd5 Rb1+ 55.Kg2 Bf8 56.Rd7 Rb2+ 57.Kf3 Rb3+ 58.Kg2 Rb2+
59.Kf3 Rb3+  1/2-1/2

[Event "Open"]
[Site "Malmoe SWE"]
[Date "2003.12.21"]
[Round "6"]
[White "De Firmian,N"]
[Black "Jakobsen,O"]
[Result "1-0"]
[WhiteElo "2553"]
[BlackElo "2389"]

1.e4 c5 2.Nf3 e6 3.d4 cxd4 4.Nxd4 Nc6 5.Nc3 Qc7 6.Be2 a6 7.O-O Nf6 8.Kh1 Nxd4
9.Qxd4 Bc5 10.Qd3 O-O 11.f4 d6 12.f5 b5 13.Bg5 b4 14.Na4 e5 15.Nxc5 dxc5
16.Bxf6 gxf6 17.Rad1 Kh8 18.Qe3 Qb6 19.Bc4 Ra7 20.Qh6 Rg8 21.Rf3 Bb7 22.Be6  1-0

[Event "3rd NAO GM"]
[Site "Paris FRA"]
[Date "2003.12.23"]
[Round "9"]
[White "Santo Roman,M"]
[Black "Pira,D"]
[Result "1-0"]
[WhiteElo "2385"]
[BlackElo "2403"]

1.e4 c5 2.Nf3 e6 3.d4 cxd4 4.Nxd4 Nc6 5.Nc3 Qc7 6.g3 a6 7.Bg2 Nf6 8.O-O h6
9.Re1 Nxd4 10.Qxd4 Bc5 11.Bf4 d6 12.Qd2 Ng4 13.Re2 g5 14.Be3 Bxe3 15.fxe3 Ne5
16.Rd1 Ke7 17.Qd4 Rd8 18.Red2 b5 19.a4 bxa4 20.Nxa4 Rb8 21.Nc5 Nc6 22.Qg7 Qb6
23.Rf2 Rf8 24.Rdf1 Nd8 25.Nd3 Qxe3 26.Qxh6 Rb5 27.Re1 Qd4 28.e5 dxe5 29.Nxe5 Rxe5
30.Qf6+ Kd6 31.Rxe5 Qd1+ 32.Rf1 Qd4+ 33.Kh1 Qb4 34.c3 Qb3 35.Rd5+ Kc7 36.Qh8  1-0

[Event "7th White Tower Open"]
[Site "Thessaloniki GRE"]
[Date "2003.12.23"]
[Round "5"]
[White "Ilic,S1"]
[Black "Iskos,A"]
[Result "1-0"]
[WhiteElo "2239"]
[BlackElo "2027"]

1.e4 c5 2.Nf3 e6 3.d4 cxd4 4.Nxd4 Nc6 5.Nc3 Qc7 6.Be3 a6 7.g3 Nf6 8.Bg2 Bb4
9.Ne2 O-O 10.O-O d6 11.Na4 Ba5 12.c4 Ng4 13.Bd2 Nge5 14.b3 Bxd2 15.Qxd2 b5
16.cxb5 axb5 17.Nac3 Ba6 18.a4 Na5 19.axb5 Nxb3 20.Qa2 Nxa1 21.bxa6 Nc2 22.Qxc2 Rxa6
23.Qd2 Rb8 24.Nd4 Qc5 25.Nce2 Nc4 26.Qc1 Rb2 27.Bh3 e5 28.Ne6 Qc8 29.Nxg7 Qxh3
30.Qxc4 Raa2 31.Nf5 Ra8 32.Nc3 Qg4 33.Nh6+  1-0

[Event "12th Donau Open"]
[Site "Aschach GER"]
[Date "2003.12.27"]
[Round "2"]
[White "Hiermann,D"]
[Black "Teske,H"]
[Result "0-1"]
[WhiteElo "2286"]
[BlackElo "2518"]

1.e4 c5 2.Nf3 Nc6 3.d4 cxd4 4.Nxd4 e6 5.Nc3 Nf6 6.Be2 Bb4 7.Nxc6 bxc6 8.Qd3 d5
9.O-O O-O 10.exd5 cxd5 11.Bg5 h6 12.Bh4 Be7 13.Bg3 a5 14.Qd4 Ba6 15.Rfd1 Bxe2
16.Nxe2 Ne4 17.Rab1 Bc5 18.Qd3 Qb6 19.Qf3 f5 20.Nc3 f4 21.Bh4 Qc6 22.Nxe4 dxe4
23.Qg4 Kh7 24.c3 a4 25.b4 axb3 26.axb3 e3 27.fxe3 Bxe3+ 28.Kh1 f3 29.Rf1 Rf4  0-1

[Event "North American Open"]
[Site "Las Vegas USA"]
[Date "2003.12.27"]
[Round "2"]
[White "Sakai,K"]
[Black "Wang,Ph"]
[Result "1/2-1/2"]
[WhiteElo "2259"]
[BlackElo "2281"]

1.e4 c5 2.Nf3 Nc6 3.d4 cxd4 4.Nxd4 e6 5.Nc3 Qc7 6.Be2 a6 7.O-O Nf6 8.Be3 Bb4
9.Na4 O-O 10.c4 Bd6 11.f4 Nxe4 12.Bd3 f5 13.Nb3 Nf6 14.c5 Be7 15.Nb6 Rb8
16.h3 d5 17.cxd6 Bxd6 18.Rc1 Rd8 19.Qe2 Qe7 20.Rfd1 Nd5 21.Nxd5 exd5 22.Qf2 Bd7
23.Nc5 Qf7 24.Nxd7 Qxd7 25.Bb6 Rdc8 26.Qf3 Ne7 27.Bd4 Rxc1 28.Rxc1 Rc8 29.Rxc8+ Qxc8
30.Qe3 Kf7 31.g3 Nc6 32.Bb6 Qe6 33.Kf2 Qxe3+ 34.Kxe3 Ke6 35.a3 g6 36.Be2 Be7
37.g4 Bf6 38.b3 Bb2 39.a4 Bc1+ 40.Kf3 Bb2 41.Ke3 Bc1+ 42.Kf3 Bd2 43.Bd3 Nb4
44.Bb1 Nc6 45.Bd3 Bc3 46.Ke3 Ba5 47.Bc5 Bb4 48.Bb6 Bc3 49.Bb1 d4+ 50.Ke2 Nb4
51.Bc7 Nd5 52.Bb8 Bb2 53.Bd3 Bc1 54.Kf3 Ne3 55.Bc7 Ba3 56.Ba5 Bc1 57.Be1 Nd5
58.Bg3 Nb4 59.Bc4+ Nd5 60.Bd3 Bd2 61.Bh2 Be3 62.Bg3 Ne7 63.Be1 Nd5 64.Bg3 Nf6
65.Bh4 Nd5 66.Bg3  1/2-1/2

[Event "19th Winter Open"]
[Site "Nice FRA"]
[Date "2003.12.27"]
[Round "3"]
[White "Acher,M"]
[Black "Lazarev,V"]
[Result "0-1"]
[WhiteElo "2320"]
[BlackElo "2526"]

1.e4 c5 2.Nf3 Nc6 3.Nc3 e6 4.d4 cxd4 5.Nxd4 Qc7 6.Be3 a6 7.Qd2 Nf6 8.O-O-O Bb4
9.f3 Ne5 10.Nb3 b5 11.Bd4 Be7 12.Qf2 d6 13.g4 O-O 14.h4 Nfd7 15.g5 b4 16.Ne2 Bb7
17.Kb1 a5 18.Ng3 a4 19.Nc1 Rfc8 20.Bd3 d5 21.f4 Nxd3 22.cxd3 dxe4 23.dxe4 Nc5
24.Rhe1 b3 25.Bc3 bxa2+ 26.Nxa2 a3 27.Qd4 Bf8 28.Nh5 Rd8 29.Nf6+ Kh8 30.Qc4 Ba6  0-1

[Event "33rd Rilton Cup"]
[Site "Stockholm SWE"]
[Date "2003.12.28"]
[Round "2"]
[White "Estegard,T"]
[Black "Seeman,T"]
[Result "0-1"]
[WhiteElo "2105"]
[BlackElo "2429"]

1.e4 c5 2.Nf3 e6 3.d4 cxd4 4.Nxd4 Nc6 5.Nc3 d6 6.Be3 Nf6 7.Bd3 Be7 8.Nb3 O-O
9.O-O e5 10.f3 Be6 11.Nd5 Bxd5 12.exd5 Nb4 13.c4 a5 14.a3 Nxd3 15.Qxd3 Nd7
16.Nd2 a4 17.b4 axb3 18.Nxb3 Ra4 19.c5 Nxc5 20.Nxc5 dxc5 21.Qb5 Ra7 22.Rfd1 Bd6
23.a4 Qa5 24.Rdb1 Rb8 25.Qd7 Rd8 26.Qb5 Qc7 27.g3 h5 28.Kg2 Bf8 29.Rd1 Ra5
30.Qc4 Rda8 31.Rdb1 Qd7 32.d6 Bxd6 33.Qd5 Qc6 34.Qxc6 bxc6 35.Rb6 Rxa4 36.Rxa4 Rxa4
37.Rxc6 Bf8 38.Rc8 Rc4 39.f4 e4 40.f5 f6 41.Bf4 Rd4 42.Kf2 Rd3 43.Re8 Kf7
44.Rxe4 Rd5 45.h4 Rxf5 46.Ke3 Rd5  0-1

[Event "North American Open"]
[Site "Las Vegas USA"]
[Date "2003.12.29"]
[Round "6"]
[White "Boros,De"]
[Black "Wang,Ph"]
[Result "1/2-1/2"]
[WhiteElo "2393"]
[BlackElo "2281"]

1.e4 c5 2.Nf3 Nc6 3.d4 cxd4 4.Nxd4 e6 5.Nc3 Qc7 6.Be3 a6 7.Qd2 Nf6 8.O-O-O Ng4
9.Bf4 e5 10.h3 Nf6 11.Nxc6 bxc6 12.Bh2 d6 13.f4 Be6 14.f5 Bc8 15.g4 h6 16.Be2 Be7
17.Bg1 Bb7 18.Bf3 d5 19.Qh2 Bd6 20.Re1 Kf8 21.h4 d4 22.Nb1 c5 23.Qd2 Nd7
24.c4  1/2-1/2

[Event "Christmas Open"]
[Site "Zurich SUI"]
[Date "2003.12.29"]
[Round "6"]
[White "Lekic,D"]
[Black "Rufener,M"]
[Result "1-0"]
[WhiteElo "2400"]
[BlackElo "2203"]

1.e4 c5 2.Nf3 e6 3.d4 cxd4 4.Nxd4 Nc6 5.Nc3 a6 6.Be2 Qc7 7.O-O Nf6 8.Kh1 h5
9.f4 Nxd4 10.Qxd4 Bc5 11.Qd3 Ng4 12.Bxg4 hxg4 13.Qg3 b5 14.Qxg4 Bb7 15.Qe2 O-O-O
16.Be3 Rh6 17.Rf3 Rdh8 18.h3 f5 19.Bxc5 Qxc5 20.Qe3 Qxe3 21.Rxe3 b4 22.Nd1 Bxe4
23.Nf2 Bd5 24.c4 bxc3 25.Rxc3+ Kb8 26.Kh2 Rg6 27.g3 Rc8 28.Rxc8+ Kxc8 29.g4 Rf6
30.Kg3 d6 31.Nd1 fxg4 32.hxg4 e5 33.f5 Bf7 34.Ne3 d5 35.g5 Rb6 36.g6 Bg8
37.Rh1 Kc7 38.Rh8 Rb8 39.Ng4 Kd6 40.f6 Re8 41.fxg7 Ke6 42.Nh6 Kf6 43.Rxg8 Re6
44.Nf5  1-0

[Event "12th Donau Open"]
[Site "Aschach GER"]
[Date "2003.12.30"]
[Round "6"]
[White "Hoffmann,P"]
[Black "Meszaros,An"]
[Result "0-1"]
[WhiteElo "2226"]
[BlackElo "2325"]

1.e4 c5 2.Nf3 e6 3.d4 cxd4 4.Nxd4 Nc6 5.Nc3 Qc7 6.Ndb5 Qb8 7.Be3 Nf6 8.a3 Be7
9.Bd3 b6 10.f4 O-O 11.e5 Ne8 12.Ne4 f5 13.exf6 Nxf6 14.O-O Nd5 15.Bd2 a6
16.Nbc3 Nxf4 17.Bxf4 Rxf4 18.Qh5 g6 19.Qh6 Rxf1+ 20.Rxf1 Qe5 21.Nf6+ Bxf6
22.Bxg6 hxg6 23.Qxg6+ Kf8 24.Ne4 Ke7 25.Nxf6 Kd8 26.Qe8+ Kc7 27.Nxd7 Bb7
28.Nb8 Qd4+  0-1

[Event "Open"]
[Site "Lilie Litomysl CZE"]
[Date "2003.12.30"]
[Round "7"]
[White "Cernousek,L"]
[Black "Priehoda,V"]
[Result "1/2-1/2"]
[WhiteElo "2302"]
[BlackElo "2372"]

1.e4 c5 2.Nf3 e6 3.d4 cxd4 4.Nxd4 Nc6 5.Nc3 Qc7 6.Be3 a6 7.Bd3 Nf6 8.O-O Bd6
9.f4 Bc5 10.Nf5 Bxe3+ 11.Nxe3 d6 12.Kh1 b6 13.Qe1 Bb7 14.Nc4 b5 15.Nxd6+ Qxd6
16.e5 Qe7 17.exf6 gxf6 18.a4 b4 19.Ne4 f5 20.Nd2 Rg8 21.Rf2 h5 22.Bxf5 exf5
23.Re2 Rxg2 24.Kxg2 Nd4+ 25.Kf1 Nxe2 26.Qxe2 Qxe2+ 27.Kxe2 Rc8 28.Kd3 Be4+
29.Nxe4 fxe4+ 30.Kd2 Rd8+ 31.Ke3 Rc8 32.Rc1 f5 33.Kd4 Ke7 34.Kd5 Kd7 35.Ke5 e3
36.Kxf5 e2 37.c3 bxc3 38.bxc3 Rxc3 39.Re1 Rc5+ 40.Kg6 Rc4 41.f5 Rg4+ 42.Kf7 Rg2
43.h3 h4 44.f6 Rf2 45.a5 Kd6 46.Kg8 Rxf6 47.Rxe2 Rf3 48.Rb2  1/2-1/2

[Event "Hilton Chess Festival"]
[Site "Basel SUI"]
[Date "2004.01.01"]
[Round "2"]
[White "Schaub,M"]
[Black "Raetsky,A"]
[Result "0-1"]
[WhiteElo "2001"]
[BlackElo "2417"]

1.e4 c5 2.Nf3 Nc6 3.Nc3 e6 4.d4 cxd4 5.Nxd4 Nf6 6.Ndb5 Bc5 7.Nd6+ Ke7 8.Bf4 e5
9.Nf5+ Kf8 10.Be3 Bb4 11.Qd3 d5 12.exd5 Qxd5 13.O-O-O Qxd3 14.Bxd3 Be6 15.Ne4 Ng4
16.Nc5 Bxf5 17.Bxf5 Nxe3 18.Nd7+ Ke7 19.fxe3 Rad8 20.Rd5 g6 21.Bh3 f5 22.Rhd1 e4
23.a3 Ba5 24.Ne5 Rxd5 25.Rxd5 Bb6 26.Kd2 Ke6 27.Rb5 Nxe5  0-1

[Event "Hilton Chess Festival"]
[Site "Basel SUI"]
[Date "2004.01.01"]
[Round "2"]
[White "Souleidis,G"]
[Black "Ikonnikov,Vy"]
[Result "1-0"]
[WhiteElo "2395"]
[BlackElo "2550"]

1.e4 c5 2.Nf3 Nc6 3.Nc3 e6 4.d4 cxd4 5.Nxd4 Nf6 6.g3 Bb4 7.Bg2 O-O 8.O-O d6
9.Nde2 h6 10.a3 Ba5 11.b3 e5 12.Bb2 a6 13.h3 b5 14.Kh2 Bb7 15.Nd5 Ne8 16.Qd3 Ne7
17.f4 exf4 18.Nexf4 Nxd5 19.exd5 Rc8 20.Rac1 Rc7 21.h4 Bc8 22.Nh5 f5 23.Bh3 Qe7
24.b4 Bb6 25.Rce1 Qf7 26.Nf4 Rc4 27.Ne6 Bxe6 28.dxe6 Qc7 29.Bxf5 Nf6 30.Bxf6 gxf6
31.e7 Re8 32.Bh7+ Kh8 33.Qg6 Rxh4+ 34.gxh4 d5+ 35.Kh1 Qd7 36.Qxf6+ Kxh7 37.Qf7+ Kh8
38.Qxe8+  1-0

[Event "Hilton Chess Festival"]
[Site "Basel SUI"]
[Date "2004.01.03"]
[Round "6"]
[White "Brendel,O"]
[Black "Raetsky,A"]
[Result "1-0"]
[WhiteElo "2294"]
[BlackElo "2417"]

1.e4 c5 2.Nf3 Nc6 3.Nc3 e6 4.d4 cxd4 5.Nxd4 Nf6 6.Nxc6 bxc6 7.e5 Nd5 8.Ne4 Qa5+
9.c3 f5 10.exf6 Nxf6 11.Nxf6+ gxf6 12.Be2 Ba6 13.O-O Bxe2 14.Qxe2 Bd6 15.Be3 Qe5
16.f4 Qf5 17.Kh1 h5 18.Rad1 Bc7 19.Qa6 Qa5 20.Qc4 O-O-O 21.f5 e5 22.a4 Rhg8
23.Rxd7 Rxd7 24.Qxg8+ Kb7 25.Qb3+ Kc8 26.Qe6 Qd5 27.Bxa7 Qd3 28.Rg1 Kb7 29.Bc5 Rd5
30.b4 h4 31.Qxf6 h3 32.Qg6 Qe4 33.Qg5 hxg2+ 34.Qxg2 Qxf5 35.a5 Qd3 36.Ra1 Ka6
37.Qf1 e4 38.Rd1 Qxf1+ 39.Rxf1 Rd3 40.Re1 Rxc3 41.Rxe4 Bxa5 42.Bd6 Rd3 43.Be5 Bb6
44.h4 Kb5 45.Kg2 c5 46.bxc5 Bxc5 47.h5 Re3 48.Rxe3 Bxe3 49.Kf3 Bh6 50.Bf4 Bf8
51.Ke4 Kc4 52.Bc1 Bg7 53.Kf5 Kd5 54.Kg6 Bh8 55.h6 Ke6 56.h7  1-0

[Event "10th Open"]
[Site "Bosnjaci CRO"]
[Date "2004.01.04"]
[Round "2"]
[White "Zelcic,R"]
[Black "Ljubicic,F"]
[Result "1/2-1/2"]
[WhiteElo "2524"]
[BlackElo "2413"]

1.e4 c5 2.Nf3 e6 3.d4 cxd4 4.Nxd4 Nc6 5.Nc3 Qc7 6.Be2 a6 7.O-O Nf6 8.Kh1 Bb4
9.Bg5 d6 10.Nxc6 Qxc6 11.Bxf6 gxf6 12.Qd4 Bxc3 13.bxc3 e5 14.Qe3 Be6 15.a4 Rc8
16.Rab1 Qxc3 17.Bd3 Qc6 18.Qh6 Rg8 19.Qxf6 Rg6 20.Qf3 Rc7 21.a5 Qc5 22.Qh5 h6
23.f4 exf4 24.e5 Rg5 25.Qxh6 Qxe5 26.Rbe1 Rh5 27.Rxe5 Rxh6 28.Rg5 f6 29.Rg6 Rxg6
30.Bxg6+ Bf7 31.Bd3 Rc5 32.Ra1 Bc4 33.Be4 Bd5 34.Bxd5 Rxd5 35.Kg1 Rd2 36.Rb1 Rxc2
37.Rxb7 Ra2 38.Rb6 Rxa5 39.Rxd6 Kf7 40.Rd4  1/2-1/2

[Event "ch-AUS"]
[Site "Adelaide AUS"]
[Date "2004.01.05"]
[Round "7"]
[White "Charles,G"]
[Black "Boyd,T"]
[Result "1/2-1/2"]
[WhiteElo "2171"]
[BlackElo "2253"]

1.e4 c5 2.Nc3 Nc6 3.Nf3 e6 4.d4 cxd4 5.Nxd4 Nf6 6.Ndb5 d6 7.Bf4 e5 8.Bg5 a6
9.Na3 b5 10.Bxf6 Qxf6 11.Nd5 Qd8 12.c4 b4 13.Qa4 Bb7 14.Nxb4 Be7 15.Be2 a5
16.Nd5 O-O 17.O-O Nd4 18.Qd1 Rb8 19.Nb5 Bxd5 20.exd5 f5 21.Rb1 Nxb5 22.cxb5 e4
23.b4 axb4 24.Rxb4 Bf6 25.a4 Be5 26.f4 Bc3 27.Rc4 Ba5 28.Qc2 g5 29.fxg5 Qxg5
30.Rc6 Rbe8 31.Rxd6 Bd2 32.Kh1 Bf4 33.Rd7 Qh4 34.g3 Bxg3 35.Bc4 Kh8 36.d6 Be5
37.Qf2 Qh6 38.Re7 Qxd6 39.Rxe8 Rxe8 40.Qxf5 Qh6  1/2-1/2

[Event "ch-AUS"]
[Site "Adelaide AUS"]
[Date "2004.01.09"]
[Round "10"]
[White "Rogers,I"]
[Black "Johansen,D"]
[Result "1-0"]
[WhiteElo "2574"]
[BlackElo "2499"]

1.e4 c5 2.Nf3 e6 3.d4 cxd4 4.Nxd4 Nc6 5.Nc3 d6 6.Be3 Nf6 7.Be2 Be7 8.O-O Bd7
9.Ndb5 Qb8 10.a4 O-O 11.Qd2 Rd8 12.Rfd1 Be8 13.Qc1 a6 14.Na3 d5 15.exd5 exd5
16.Bb6 Rd7 17.Bf3 d4 18.Ne4 Ne5 19.Nxf6+ Bxf6 20.Be2 Ng6 21.Nc4 Nf4 22.Bf1 Ne6
23.Ra3 Rd5 24.Re1 Be7 25.Rg3 Bg5 26.Qa1 Bc6 27.Qa3 h6 28.Rg4 Bf6 29.a5 Rh5
30.h3 Rd5 31.Qg3 h5 32.Qxb8+ Rxb8 33.Rg3 Rc8 34.b3 Re8 35.Rd3 h4 36.Rdd1 Rf8
37.Nd2 Bd8 38.Nf3 Bxb6 39.axb6 g5 40.Ne5 Rd6 41.Nc4 Rd7 42.Bd3 Bd5 43.Ne5 Rd6
44.Bf5 Rfd8 45.Bxe6 Bxe6 46.Nf3 Bf5 47.Rd2 f6 48.Re7 d3 49.cxd3 Rxb6 50.Rc2 Rc6
51.Rxc6 bxc6 52.Rc7 Bxd3 53.Rxc6 Kf7 54.Nd2 Bb5 55.Rc7+ Ke6 56.Ne4 Rd1+ 57.Kh2 Rb1
58.Rb7 Ke5 59.Re7+ Kf5 60.f3 Bd3 61.Nc5 Bf1 62.Kg1 Bb5+ 63.Kh2 Rb2 64.Kg1 Rb1+
65.Kh2 Rc1 66.Ne4 Rc6 67.b4 Kg6 68.Nc5 Rd6 69.Ne4 Rb6 70.Nc5 Bc4 71.Re4 Bb5
72.Rd4 Rc6 73.Ne4 Kf7 74.Nc5 a5 75.Nb7  1-0

[Event "ch-AUS"]
[Site "Adelaide AUS"]
[Date "2004.01.10"]
[Round "11"]
[White "Solomon,SJ"]
[Black "Bjelobrk,I"]
[Result "0-1"]
[WhiteElo "2400"]
[BlackElo "2338"]

1.e4 c5 2.Nf3 e6 3.d4 cxd4 4.Nxd4 Nc6 5.Nc3 Qc7 6.Be3 a6 7.Be2 Nf6 8.O-O Bb4
9.Na4 O-O 10.c4 Be7 11.Nc3 d6 12.Rc1 Ne5 13.f4 Ned7 14.Bf3 Re8 15.g4 Nf8
16.g5 N6d7 17.Nf5 exf5 18.Nd5 Qb8 19.exf5 Bd8 20.Bd4 Nc5 21.f6 Bf5 22.fxg7 Nfe6
23.Re1 Nd3 24.Bg4 Nxe1 25.Bxf5 Nxd4 26.Bxh7+ Kxh7 27.Qh5+ Kxg7 28.Qh6+ Kg8
29.Nf6+ Bxf6 30.gxf6 Nef3+ 31.Kh1 Re1+ 32.Rxe1 Qf8  0-1